00954cam a22003133a 45000010005000000030006000050050017000110080041000280400015000690420007000840500007000911000030000982450050001282600029001785000038002075060030002455160020002756530046002956530037003416530034003786530018004126530039004306530022004696530017004916530034005087400029005428300028005718560041005996004PGUSA20140828083127.0040701s2004||||xxu|||||s|||||000 | eng d aPGUSAbeng adc 4aPR1 aShaw, Bernard,d1856-195010aHeldenh[electronic resource] /cBernard Shaw bProject Gutenberg,c2004 aTranslation of: Arms and the man. aPublic domain in the USA. aElectronic text aEnglish drama -- Translations into German aMan-woman relationships -- Drama aSoldiers -- Bulgaria -- Drama aLove -- Drama aSerbo-Bulgarian War, 1885 -- Drama aBulgaria -- Drama aWar -- Drama aItalians -- Bulgaria -- Drama0 aArms and the man. German 0aProject Gutenbergv600440uhttp://www.gutenberg.org/ebooks/6004